Exporte nach Ländern - Statistiken

Allgemein
  • Dieses Quiz wurde 48 mal gespielt
  • Das Durchschnittsergebnis liegt bei 4 aus 13
Antworten auf der Karte
Die Antworten werden auf der Karte rot bzw. grün angezeigt, abhängig davon wie oft sie richtig erraten wurden.
 
Antwortstatistiken
Antwort % Korrekt
Erdöl
64%
Reis
42%
Sojabohnen
36%
Kartoffeln
33%
Kokosnüsse
33%
Schießpulver
30%
Bananen
27%
Uran
24%
Aluminium
21%
Käse
21%
Rohdiamanten
18%
Jade
15%
Kupfer
15%
Keine übereinstimmenden Quizze gefunden
Verteilung der Resultate
Anzahl Personen mit jedem Resultat
Perzentil nach korrekt beantworteten Fragen
Ihre Resultats-Entwicklung
Sie haben dieses Quiz noch nicht gespielt